Algorithms for Fault Detection and Diagnosis (Record no. 38034)

MARC details
000 -LEADER
fixed length control field 01156nam a2200121Ia 4500
008 - FIXED-LENGTH DATA ELEMENTS--GENERAL INFORMATION
fixed length control field 220621s9999||||xx |||||||||||||| ||und||
245 #0 - TITLE STATEMENT
Title Algorithms for Fault Detection and Diagnosis
546 ## - LANGUAGE NOTE
Language note English[eng]
650 ## - SUBJECT ADDED ENTRY--TOPICAL TERM
Topical term or geographic name entry element structural health monitoring||digital image processing||damage||gray level co-occurrence matrix||self-organization map||rolling bearings||fault diagnosis||multiscale entropy||amplitude-aware permutation entropy||random forest||reusable launch vehicle||thruster valve failure||thruster fault detection||Kalman filter||machine vision||machine diagnostics||instantaneous angular speed||SURVISHNO 2019 challenge||video tachometer||motion tracking||edge detection||parametric template modeling||adaptive template matching||genetic algorithm||misalignment||fault prediction||combined prediction||multivariate grey model||quantum genetic algorithm||least squares support vector machine||lithium-ion battery||battery faults||battery safety||battery management system||fault diagnostic algorithms
700 ## - ADDED ENTRY--PERSONAL NAME
Personal name Ferracuti, Francesco||Freddi, Alessandro||Monteriù, Andrea
856 ## - ELECTRONIC LOCATION AND ACCESS
Uniform Resource Identifier <a href="https://mdpi.com/books/pdfview/book/3514">https://mdpi.com/books/pdfview/book/3514</a>
942 ## - ADDED ENTRY ELEMENTS (KOHA)
Koha item type E-Books
Holdings
Withdrawn status Lost status Damaged status Not for loan Home library Current library Date acquired Total Checkouts Date last seen Price effective from Koha item type
        Kerala University of Digital Sciences, Innovation and Technology Knowledge Centre Kerala University of Digital Sciences, Innovation and Technology Knowledge Centre 21/06/2022   21/06/2022 21/06/2022 E-Books